000 01084cam a2200241 4500
001 WB3901-20
008 021218n2002 000 0 eng u
035 _a(Sirsi) u120825
245 4 _aThe Barbour Report 2002
260 _c2002
490 _aCICA Bulletin
_v(83) Autumn 2002, 10(1)
520 _aThe "Barbour Report" 2002 aims to provide manufacturers with a better understanding of how the web can be better utilised to meet their customers' needs profitably. UK building product manufacturers have invested large sums in developing electronic sources to promote their products, but often the investment has not delivered the anticipated return. This article looks at some of the current obstacles limiting the growth of internet usage. http://www.barbour-index.co.uk
590 _aWB
650 _aBUILDING PRODUCTS
650 _aMANUFACTURERS
650 _aINVESTMENT
650 _aINTERNET
650 _aE-COMMERCE
650 _aBARBOUR REPORT
650 _aPRODUCT INFORMATION
690 _aMANAGEMENT-BUSINESS MANAGEMENT-INFORMATION MANAGEMENT
942 _n0
999 _c71805
_d71805